Fr. Conceicao Rodrigues College of Engineering

Basic Electrical Engineering (Record no. 25710)

MARC details
000 -LEADER
fixed length control field 00354nam a2200169Ia 4500
082 ## - DEWEY DECIMAL CLASSIFICATION NUMBER
Item number MIT
100 ## - MAIN ENTRY--PERSONAL NAME
Personal name Mittle/V.N/ Mittle/Arvind
250 ## - EDITION STATEMENT
Edition statement 2
245 ## - TITLE STATEMENT
Title Basic Electrical Engineering
260 ## - PUBLICATION, DISTRIBUTION, ETC.
Name of publisher, distributor, etc. McGraw Hill
Date of publication, distribution, etc. 2006
366 ## - TRADE AVAILABILITY INFORMATION
Publishers's discount category 22
300 ## - PHYSICAL DESCRIPTION
Extent 828
546 ## - LANGUAGE NOTE
Language note ENGLISH
650 ## - SUBJECT ADDED ENTRY--TOPICAL TERM
Topical term or geographic name entry element Electrical Engineering
942 ## - ADDED ENTRY ELEMENTS (KOHA)
Koha item type BOOK
Holdings
Withdrawn status Lost status Damaged status Not for loan Collection Home library Current library Date acquired Source of acquisition Cost, normal purchase price Inventory number Total Checkouts Full call number Barcode Date last seen Date last checked out Cost, replacement price Price effective from Koha item type Total Renewals
        CRC Fr. Agnel's C.Rodrigues College of Engineering AGNEL TECHNICAL COLLEGE LIBRARY 17/03/2023 Readers World 507.00 183 dt 19.08.2019 4 MIT 25670 04/01/2025 21/12/2024 650.00   BOOK  
        CRC Fr. Agnel's C.Rodrigues College of Engineering AGNEL TECHNICAL COLLEGE LIBRARY 17/03/2023 Readers World 507.00 183 dt 19.08.2019 2 MIT 25671 04/01/2025 08/11/2024 650.00   BOOK 1